00897nam a2200193 a 450000100100000000500170001000800410002704000250006810000260009324501770011926001660029630000200046250400300048270000270051270000370053904900090057695201010058599900170068600002973520200930055751.0110425s2000 dr 000 0 spa d aDO-SdBNPbspacBNPHU1 aShallat, Lezak95651810aConceptos de género en la planificación del desarrollo :benfoque básico /cpreparado por Lezak Shallat, Ursula Paredes ; traducción al español Marta Fernández. aSanto Domingo :bInstituto Internacional de las Naciones Unidas de Investigaciones y Capacitación para la Promoción de la Mujer (INSTRAW) (INSTRAW),c[2000]. a28 p. ;c28 cm. aBibliografía : p. 27-281 aParedes, Ursula9565191 aFernández, Martaetrad.910106 aBNPD 00105071aPDbPDcCTd2011-05-12iLF1l0o p29735-10r2020-06-25w2020-06-25y1ZNo se presta c29227d29227